| 000 | 01225nam a2200313 a 4500 | ||
|---|---|---|---|
| 001 | 000116294 | ||
| 003 | CHAP | ||
| 005 | 20220329144609.0 | ||
| 008 | 191022s2019 mx | |sm |||||||spa d | ||
| 010 | _a112755 | ||
| 011 | _a113727 | ||
| 040 | _cCHAP | ||
| 090 | _aTesis | ||
| 100 | 1 |
_aCaraveo Palma, Edgar Helí. _9137042 |
|
| 245 | 1 | 0 |
_aManejo químico de minador de la hoja (Liriomyza sativae Blanchard) y su efecto en sus parasitoides, en chile (Capsicum annuum L.) en Los Mochis, Sinaloa, México _h[En línea] _cpor Edgar Helí Caraveo Palma. |
| 260 |
_aChapingo, Méx. : _bEl autor, _c2019. |
||
| 500 | _aPara ver el contenido del material haga clic en la liga | ||
| 502 | _aTesis (Ing. Agr. Esp. en Parasitología Agrícola) -- UACH. Departamento de Parasitología Agrícola | ||
| 590 |
_aBATCH-UPD _b05 _c20191022 _lUCH01 _h1140 |
||
| 590 |
_aE6337LMJ _b05 _c20191022 _lUCH01 _h1140 |
||
| 590 |
_aE6337LMJ _b05 _c20191022 _lUCH01 _h1140 |
||
| 650 | 1 | 4 |
_aAgromyza _xControl. _9129832 |
| 650 | 1 | 4 |
_aChile pimiento _xEnfermedades. _922476 |
| 650 | 1 | 4 |
_aInsecticidas _xToxicidad. _958882 |
| 856 |
_aFinding aid _uhttp://10.13.5.2/tesis/sist116294.pdf _zTeclea aquí |
||
| 901 | _aBK | ||
| 942 | _cTESIS | ||
| 942 | _n0 | ||
| 999 |
_c112755 _d112755 |
||